| 000 | 01541nam a2200337 a 4500 | ||
|---|---|---|---|
| 003 | BLK | ||
| 005 | 20240320095011.0 | ||
| 008 | 240320b bul|||||r ||||||| ||bul|| | ||
| 020 | _a9789542970477 | ||
| 040 | _aBLK | ||
| 041 |
_aBUL _aENG _cBUL |
||
| 080 |
_aВъзпитание, образование и обучение на специални групи и лица. Дефектология _b376 _x-056.262 _z376-056.262 |
||
| 100 |
_aКацарска, Венета Иванова _9281550 |
||
| 245 | 1 | 0 |
_aФормиране на устната реч при деца със слухови нарушения _bпроизношение, слухова работа, зрително възприемане на речта _cВенета Кацарска. |
| 257 | _aBGR | ||
| 260 |
_aСофия _bЕкопрогрес _c2016 _9213492 _f([София] : [Реклама Пони]) |
||
| 300 |
_a296 с. _c21 см |
||
| 380 | _a3 | ||
| 504 | _aс. 293-295 | ||
| 650 | 4 |
_aРеч - у децата с дефектологична недостатъчност - развитие _9309493 |
|
| 650 | 4 |
_aГлухи - възпитание и обучение _9253910 |
|
| 653 | _aдеца с увреждания | ||
| 653 | _aслухови нарушения | ||
| 653 | _aпроизношение | ||
| 852 |
_bП _c376/К 48 В |
||
| 856 | 4 | _qpdf | |
| 856 | 4 | _qpdf | |
| 942 |
_cKNG _n0 |
||
| 944 |
_a30560 _cГеновева Генчева _k30560 _lГеновева Генчева |
||
| 999 |
_c506435 _d506435 |
||